[Event "Bad Soden sim1"]
[Site "Bad Soden"]
[Date "2019.10.03"]
[Round "1.13"]
[White "Anand, Viswanathan"]
[Black "Noppes, Marina"]
[Result "1/2-1/2"]
[WhiteElo "2765"]
[BlackElo "1599"]
[PlyCount "47"]
[EventDate "2019.10.03"]
[EventType "simul"]
[EventRounds "1"]
[EventCountry "GER"]
[SourceTitle "EXT 2021"]
[Source "ChessBase"]
[SourceDate "2020.10.23"]
[SourceVersion "1"]
[SourceVersionDate "2020.10.23"]
[SourceQuality "1"]

1. e3 Nf6 2. Nf3 g6 3. b4 Bg7 4. Bb2 0-0 5. c4 d6 6. d4 c5 7. bxc5 dxc5 8. d5 Bf5 9. Nbd2 Na6 10. a3 e6 11. dxe6 Bxe6 12. Be2 Nc7 13. 0-0 Qe7 14. Qc1 Rfd8 15. Bc3 Nce8 16. Qb2 Bf5 17. Rfd1 Bd3 18. Bxd3 Rxd3 19. Nf1 Rad8 20. Rxd3 Rxd3 21. Rc1 Ne4 22. Bxg7 Nxg7 23. Ng3 Nxg3 24. hxg3 1/2-1/2

[Event "GER-chT Federal Cup (Women)"]
[Site "Braunfels"]
[Date "2019.06.21"]
[Round "2.8"]
[White "Landenberger, Anja Kathrin"]
[Black "Noppes, Marina"]
[Result "1/2-1/2"]
[WhiteElo "1781"]
[BlackElo "1983"]
[PlyCount "46"]
[EventDate "2019.06.20"]
[EventType "team-swiss"]
[EventRounds "5"]
[EventCountry "GER"]
[SourceTitle "CBM 191 Extra"]
[Source "ChessBase"]
[SourceDate "2019.09.30"]
[SourceVersion "1"]
[SourceVersionDate "2019.09.30"]
[SourceQuality "1"]

1. d4 Nf6 2. Nf3 c5 3. c3 e6 4. Bf4 Be7 5. h3 0-0 6. e3 d5 7. Nbd2 b6 8. Be2 Bb7 9. 0-0 Nbd7 10. Ne5 Nxe5 11. Bxe5 Nd7 12. Bh2 Re8 13. Qa4 a6 14. Nf3 Bf6 15. Rad1 Qc8 16. b4 Bc6 17. Qb3 Bb5 18. Bxb5 axb5 19. bxc5 bxc5 20. Qxb5 Rxa2 21. Ra1 Rxa1 22. Rxa1 cxd4 23. cxd4 Rd8 1/2-1/2

[Event "BL 1516 (Women)"]
[Site "Germany"]
[Date "2016.03.20"]
[Round "11.6"]
[White "Noppes, Marina"]
[Black "Zimmermann, Lisa"]
[Result "1-0"]
[WhiteElo "1974"]
[BlackElo "1612"]
[PlyCount "84"]
[EventDate "2015.09.26"]
[EventType "team-tourn"]
[EventRounds "11"]
[EventCountry "GER"]
[SourceTitle "EXT 2017"]
[Source "ChessBase"]
[SourceDate "2016.10.25"]
[SourceVersion "1"]
[SourceVersionDate "2016.10.25"]
[SourceQuality "1"]
[WhiteTeam "Deizisau (W)"]
[BlackTeam "Kiel Doppelbauer (W)"]
[WhiteTeamCountry "GER"]
[BlackTeamCountry "GER"]

1. d4 d5 2. c4 e5 3. e3 exd4 4. Qxd4 Nf6 5. cxd5 Qxd5 6. Qxd5 Nxd5 7. a3 Bf5 8. Nd2 Nf6 9. Ngf3 Bd6 10. Nd4 Bg6 11. Be2 0-0 12. Bf3 c6 13. 0-0 Re8 14. Rd1 Nbd7 15. Nc4 Bc7 16. Bd2 Ne5 17. Nxe5 Rxe5 18. Rac1 Be4 19. Bc3 Nd5 20. Bxe4 Rxe4 21. Nf5 f6 22. Bd4 a6 23. Bc5 Rae8 24. Nd6 Bxd6 25. Bxd6 R4e6 26. Bc5 f5 27. Kf1 h6 28. b4 f4 29. exf4 Nxf4 30. Rd7 b5 31. g3 Nh3 32. Bd4 R8e7 33. Rxe7 Rxe7 34. Rxc6 Ng5 35. Kg2 Rd7 36. Be3 Ne4 37. Rxa6 h5 38. Re6 Nf6 39. Re5 h4 40. Rxb5 hxg3 41. hxg3 Ng4 42. Bf4 Rc7 1-0